[Event "NM Juniorlandshold 2002"]
[Site "Viby"]
[Date "2002.09.06"]
[Round "1.1"]
[White "Tikkanen, Hans"]
[Black "Tallaksen, Geir Sune"]
[Result "1/2-1/2"]
[WhiteElo "2346"]
[BlackElo "2219"]
[PlyCount "46"]
[EventDate "2002.??.??"]
[EventType "team"]
[EventRounds "3"]
[EventCountry "DEN"]
[WhiteTeam "Sweden"]
[BlackTeam "Norway"]
[WhiteTeamCountry "SWE"]
[BlackTeamCountry "NOR"]

1. d4 Nf6 2. c4 e6 3. Nc3 Bb4 4. Qc2 O-O 5. a3 Bxc3+ 6. Qxc3 b6 7. Nf3 d6 8. e3
Bb7 9. Bd3 Nbd7 10. O-O e5 11. dxe5 dxe5 12. Bc2 Qe7 13. b3 Ne4 14. Bxe4 Bxe4
15. Nd2 Bb7 16. Bb2 Rfd8 17. Rfd1 f6 18. b4 Nf8 19. Nb3 Rxd1+ 20. Rxd1 Rd8 21.
Rxd8 Qxd8 22. Qd2 Qxd2 23. Nxd2 Ne6 1/2-1/2

[Event "NM Juniorlandshold 2002"]
[Site "Viby"]
[Date "2002.09.06"]
[Round "1.2"]
[White "Ekeberg, Carl Frederik"]
[Black "Lindberg, Bosse"]
[Result "1/2-1/2"]
[WhiteElo "2222"]
[BlackElo "2354"]
[PlyCount "104"]
[EventDate "2002.??.??"]
[EventType "team"]
[EventRounds "3"]
[EventCountry "DEN"]
[WhiteTeam "Norway"]
[BlackTeam "Sweden"]
[WhiteTeamCountry "NOR"]
[BlackTeamCountry "SWE"]

1. Nf3 c5 2. c4 g6 3. e4 Bg7 4. d4 cxd4 5. Nxd4 Nc6 6. Be3 Nf6 7. Nc3 O-O 8.
Be2 d6 9. O-O Re8 10. Qd2 Ng4 11. Bxg4 Bxg4 12. h3 Bd7 13. Rad1 a6 14. b3 Nxd4
15. Bxd4 Bc6 16. Bxg7 Kxg7 17. Qd4+ f6 18. b4 b5 19. a4 bxa4 20. Ra1 Rb8 21.
Rfb1 Qb6 22. Qd3 Qb7 23. b5 axb5 24. cxb5 Bd7 25. Rxa4 Rec8 26. Rab4 Be6 27.
Ne2 Qb6 28. Nd4 Bd7 29. Qb3 Ra8 30. Ne6+ Bxe6 31. Qxe6 Kf8 32. Rc4 Rc5 33. Rxc5
Qxc5 34. Qb3 Ra3 35. Qb4 Qxb4 36. Rxb4 Ra1+ 37. Kh2 Ke8 38. Kg3 Kd7 39. Kf3
Ra3+ 40. Ke2 Kc7 41. Rc4+ Kb7 42. b6 Kxb6 43. Rc8 h5 44. Re8 Ra7 45. h4 g5 46.
Rh8 Kc5 47. hxg5 fxg5 48. Rxh5 Kd4 49. Rxg5 Kxe4 50. f3+ Kd4 51. Rg4+ Kc3 52.
Ke3 Ra5 1/2-1/2

[Event "NM Juniorlandshold 2002"]
[Site "Viby"]
[Date "2002.09.06"]
[Round "1.3"]
[White "Olsson, Linus"]
[Black "Lie, Espen"]
[Result "0-1"]
[WhiteElo "2368"]
[BlackElo "2143"]
[PlyCount "78"]
[EventDate "2002.??.??"]
[EventType "team"]
[EventRounds "3"]
[EventCountry "DEN"]
[WhiteTeam "Sweden"]
[BlackTeam "Norway"]
[WhiteTeamCountry "SWE"]
[BlackTeamCountry "NOR"]

1. d4 Nf6 2. c4 c5 3. d5 e6 4. Nc3 exd5 5. cxd5 d6 6. Nf3 g6 7. g3 Bg7 8. Bg2
O-O 9. O-O a6 10. a4 Re8 11. Nd2 Nbd7 12. h3 Rb8 13. Nc4 Nb6 14. Na3 Bd7 15.
Re1 Qc7 16. e4 Nc8 17. f4 b5 18. axb5 axb5 19. e5 Nh5 20. e6 b4 21. exd7 Qxd7
22. Ne4 bxa3 23. Rxa3 Nf6 24. Nc3 Nb6 25. Rxe8+ Rxe8 26. Kh2 h5 27. Qd3 Nc8 28.
Be3 Ne7 29. Bf2 Nf5 30. Ra6 Qb7 31. Qb5 Qxb5 32. Nxb5 Re2 33. Kg1 Bf8 34. Ra2
Ne4 35. Bxe4 Rxe4 36. Nc3 Rb4 37. Kf1 Bg7 38. Ke2 Bd4 39. Kf1 h4 0-1

[Event "NM Juniorlandshold 2002"]
[Site "Viby"]
[Date "2002.09.06"]
[Round "1.4"]
[White "Borchgrevink, Harald Bonaventura"]
[Black "Landgren, Philip"]
[Result "0-1"]
[WhiteElo "2165"]
[BlackElo "2292"]
[PlyCount "110"]
[EventDate "2002.??.??"]
[EventType "team"]
[EventRounds "3"]
[EventCountry "DEN"]
[WhiteTeam "Norway"]
[BlackTeam "Sweden"]
[WhiteTeamCountry "NOR"]
[BlackTeamCountry "SWE"]

1. d4 Nf6 2. c4 c5 3. d5 e6 4. Nc3 exd5 5. cxd5 d6 6. e4 g6 7. f3 Bg7 8. Bg5
O-O 9. Qd2 h6 10. Be3 Re8 11. Bd3 a6 12. a4 h5 13. Nge2 Nbd7 14. O-O Ne5 15.
Bg5 Qc7 16. Rfc1 Nh7 17. Be3 Qe7 18. Rab1 h4 19. b4 cxb4 20. Rxb4 h3 21. f4
Nxd3 22. Qxd3 hxg2 23. Bd4 f5 24. Bxg7 Qxg7 25. Ng3 Nf6 26. exf5 Ng4 27. Re4
Bxf5 28. Nxf5 gxf5 29. Re6 Rxe6 30. dxe6 Qh6 31. Qg3 Qg7 32. h3 Qd4+ 33. Kxg2
Qd2+ 34. Ne2 Qxe2+ 35. Kh1 Qe4+ 36. Kg1 Qe3+ 37. Qxe3 Nxe3 38. Rc7 Nd5 39. Rxb7
Nxf4 40. Rb6 Nxe6 41. Rxd6 Kf7 42. Kf2 Kf6 43. Rb6 Ke5 44. h4 Rh8 45. Rxa6 Rxh4
46. Ra8 f4 47. Kg2 Nd4 48. Re8+ Kd5 49. a5 f3+ 50. Kg3 Rh6 51. Ra8 Ke4 52. a6
Nf5+ 53. Kg4 f2 54. Re8+ Kd3 55. a7 Ra6 0-1

[Event "NM Juniorlandshold 2002"]
[Site "Viby"]
[Date "2002.09.06"]
[Round "1.5"]
[White "Andersson, Fredrik"]
[Black "Stokke, Kjetil"]
[Result "0-1"]
[WhiteElo "2273"]
[BlackElo "2070"]
[PlyCount "106"]
[EventDate "2002.??.??"]
[EventType "team"]
[EventRounds "3"]
[EventCountry "DEN"]
[WhiteTeam "Sweden"]
[BlackTeam "Norway"]
[WhiteTeamCountry "SWE"]
[BlackTeamCountry "NOR"]

1. e4 c5 2. Nc3 g6 3. f4 Bg7 4. Nf3 Nc6 5. Bb5 Nd4 6. Bd3 d6 7. Nxd4 cxd4 8.
Ne2 Nf6 9. Nxd4 Nxe4 10. Bxe4 Bxd4 11. c3 Bg7 12. Qf3 Rb8 13. O-O e6 14. d4 f5
15. Bc2 d5 16. Be3 b5 17. Bd3 b4 18. c4 dxc4 19. Qc6+ Qd7 20. Qxc4 O-O 21. Rfd1
Bb7 22. Qc5 Bd5 23. Qa5 Qb7 24. Bf1 Qb6 25. Qxb6 axb6 26. a3 Rfc8 27. Rac1 bxa3
28. bxa3 Rxc1 29. Rxc1 Ra8 30. Ra1 Ra4 31. Bb5 Ra8 32. a4 Rc8 33. Rb1 Be4 34.
Rb2 Rc3 35. Kf2 g5 36. fxg5 f4 37. Bxf4 Bxd4+ 38. Ke2 Bxg2 39. Rb4 e5 40. Bd2
Bf3+ 41. Ke1 Kg7 42. Rb1 Rc2 43. Bd3 Ra2 44. Bb5 e4 45. Bc6 Bc5 46. Bb5 e3 47.
Bc3+ Kg6 48. h4 Rh2 49. Rb2 Rh1+ 50. Bf1 Kh5 51. Bf6 Bd6 52. g6 Bg3+ 53. Rf2
Bxf2# 0-1

[Event "NM Juniorlandshold 2002"]
[Site "Viby"]
[Date "2002.09.06"]
[Round "1.6"]
[White "Bjerke, Silje"]
[Black "Mansson, Lars"]
[Result "1-0"]
[WhiteElo "2059"]
[BlackElo "2246"]
[PlyCount "89"]
[EventDate "2002.??.??"]
[EventType "team"]
[EventRounds "3"]
[EventCountry "DEN"]
[WhiteTeam "Norway"]
[BlackTeam "Sweden"]
[WhiteTeamCountry "NOR"]
[BlackTeamCountry "SWE"]

1. d4 d5 2. c4 c6 3. Nc3 Nf6 4. e3 e6 5. Nf3 Nbd7 6. Bd3 dxc4 7. Bxc4 b5 8. Bd3
a6 9. e4 c5 10. d5 Bb7 11. O-O Qc7 12. dxe6 fxe6 13. Bc2 Bd6 14. h3 O-O-O 15.
Qe2 h6 16. Re1 Ne5 17. Nd1 Nfd7 18. a4 Nxf3+ 19. Qxf3 Ne5 20. Qe2 Nc6 21. Be3
Qa5 22. Rc1 Kb8 23. axb5 Nd4 24. Bxd4 cxd4 25. Bd3 axb5 26. b3 b4 27. Nb2 Qe5
28. g3 Qg5 29. h4 Qe7 30. e5 Bc7 31. Be4 Bxe4 32. Qxe4 Rd5 33. Nd3 g5 34. h5
Rc8 35. Rc4 Ba5 36. Rxd4 Rxd4 37. Qxd4 Rd8 38. Qc4 Rd5 39. Rc1 Qd7 40. Nxb4
Rd1+ 41. Rxd1 Qxd1+ 42. Kg2 Bb6 43. Qxe6 Bxf2 44. Qe8+ Kc7 45. Qf7+ 1-0

[Event "NM Juniorlandshold 2002"]
[Site "Viby"]
[Date "2002.09.06"]
[Round "1.8"]
[White "Fossum, Oystein Boyum"]
[Black "Semcesen, Daniel"]
[Result "0-1"]
[WhiteElo "1832"]
[BlackElo "2115"]
[PlyCount "94"]
[EventDate "2002.??.??"]
[EventType "team"]
[EventRounds "3"]
[EventCountry "DEN"]
[WhiteTeam "Norway"]
[BlackTeam "Sweden"]
[WhiteTeamCountry "NOR"]
[BlackTeamCountry "SWE"]

1. c4 c5 2. g3 Nc6 3. Bg2 g6 4. Nc3 Bg7 5. a3 e6 6. Rb1 Nge7 7. b4 cxb4 8. axb4
d5 9. c5 a6 10. Na4 O-O 11. Nb6 Rb8 12. Nf3 e5 13. O-O h6 14. d3 Be6 15. Nd2
Nc8 16. Nxc8 Rxc8 17. Ba3 Nd4 18. Bb2 Nb5 19. Nb3 Re8 20. d4 e4 21. e3 Qd7 22.
Rc1 Bg4 23. Qe1 h5 24. Rc2 Rc6 25. Bc1 h4 26. Qd2 h3 27. Bh1 Bh6 28. Bb2 Qf5
29. Qc1 Rf6 30. Qe1 Nc7 31. Bc1 Ne6 32. f4 exf3 33. Rc3 Ng5 34. Nd2 Ne4 35.
Nxe4 Qxe4 36. Kf2 Kh7 37. Qd2 Bh5 38. Qd3 g5 39. Qxe4+ Rxe4 40. Bd2 g4 41. c6
bxc6 42. Ra1 Rfe6 43. Rxa6 Rxd4 44. exd4 Bxd2 45. Rcxc6 Re2+ 46. Kf1 Rxh2 47.
Rc8 Be3 0-1

[Event "NM Juniorlandshold 2002"]
[Site "Viby"]
[Date "2002.09.06"]
[Round "1.9"]
[White "Revelj, Oscar"]
[Black "Skrondal, Inge Sandstad"]
[Result "1/2-1/2"]
[WhiteElo "2051"]
[BlackElo "1695"]
[PlyCount "73"]
[EventDate "2002.??.??"]
[EventType "team"]
[EventRounds "3"]
[EventCountry "DEN"]
[WhiteTeam "Sweden"]
[BlackTeam "Norway"]
[WhiteTeamCountry "SWE"]
[BlackTeamCountry "NOR"]

1. e4 c5 2. Nf3 Nc6 3. Nc3 g6 4. d4 cxd4 5. Nxd4 Bg7 6. Be3 Nf6 7. Be2 O-O 8.
Nb3 a5 9. O-O a4 10. Nd4 d5 11. exd5 Nxd5 12. Nxd5 Qxd5 13. Bf3 Qc4 14. Nxc6
bxc6 15. Rb1 Bf5 16. b3 Qxc2 17. Qxc2 Bxc2 18. Rbc1 axb3 19. axb3 Bxb3 20. Rxc6
Rfc8 21. Rb6 Rab8 22. Rxb8 Rxb8 23. Rb1 Be5 24. Ba7 Rb5 25. Bc6 Ra5 26. Bb6 Ra6
27. Bb5 Ra1 28. Rxa1 Bxa1 29. Kf1 f5 30. Ke2 Kg7 31. Kf3 Bd5+ 32. Kg3 g5 33. f4
h6 34. Be3 e5 35. fxg5 f4+ 36. Bxf4 exf4+ 37. Kxf4 1/2-1/2

[Event "NM Juniorlandshold 2002"]
[Site "Viby"]
[Date "2002.09.06"]
[Round "1.10"]
[White "Kovachev, Daniel Jacobsen"]
[Black "Fraenkel, Mikael Andersson"]
[Result "0-1"]
[WhiteElo "1682"]
[BlackElo "2003"]
[PlyCount "54"]
[EventDate "2002.??.??"]
[EventType "team"]
[EventRounds "3"]
[EventCountry "DEN"]
[WhiteTeam "Norway"]
[BlackTeam "Sweden"]
[WhiteTeamCountry "NOR"]
[BlackTeamCountry "SWE"]

1. e4 c5 2. Nf3 Nc6 3. d4 cxd4 4. Nxd4 g6 5. Be3 Bg7 6. c4 Nf6 7. Nc3 Ng4 8.
Qxg4 Nxd4 9. O-O-O Nc6 10. Nb5 Qa5 11. Kb1 a6 12. Nd4 Nxd4 13. Bxd4 Bxd4 14.
Rxd4 Qe1+ 15. Qd1 Qxf2 16. g3 O-O 17. c5 Rb8 18. Bc4 b5 19. cxb6 Rxb6 20. Rd2
Qc5 21. Qe2 d6 22. g4 Bb7 23. h4 Rb8 24. h5 Qe5 25. Bd3 Bxe4 26. Qxe4 Rxb2+ 27.
Kc1 Qc3+ 0-1

[Event "NM Juniorlandshold 2002"]
[Site "Viby"]
[Date "2002.09.06"]
[Round "1.1"]
[White "Nielsen, Anders Bodholt"]
[Black "Palo, Davor"]
[Result "0-1"]
[WhiteElo "2130"]
[BlackElo "2443"]
[PlyCount "116"]
[EventDate "2002.??.??"]
[EventType "team"]
[EventRounds "3"]
[EventCountry "DEN"]
[WhiteTeam "Denmark 2"]
[BlackTeam "Denmark 1"]
[WhiteTeamCountry "DEN"]
[BlackTeamCountry "DEN"]

1. d4 Nf6 2. Nc3 d5 3. Bg5 c6 4. Nf3 Ne4 5. Nxe4 dxe4 6. Ng1 Qb6 7. Bc1 Bg4 8.
h3 Bh5 9. g4 Bg6 10. e3 e5 11. Bg2 Nd7 12. Ne2 O-O-O 13. Bd2 exd4 14. exd4 Bd6
15. c4 h5 16. Qb3 hxg4 17. Qxb6 axb6 18. hxg4 Rxh1+ 19. Bxh1 Rh8 20. Bg2 Nf6
21. g5 Ng4 22. Nf4 Bf5 23. Ke2 c5 24. dxc5 Bxc5 25. Be3 Nxe3 26. fxe3 Be7 27.
Nd5 Bxg5 28. Nxb6+ Kc7 29. Nd5+ Kd6 30. Nc3 Ke5 31. Rh1 Bg4+ 32. Kf2 Rxh1 33.
Bxh1 Bh4+ 34. Kf1 f5 35. a4 Be7 36. Nd5 Bd8 37. Ke1 Bh5 38. Bg2 Be8 39. b3 g5
40. Kf2 Bh5 41. b4 Bf7 42. a5 Be6 43. Kg3 f4+ 44. exf4+ gxf4+ 45. Nxf4 Bxc4 46.
Nh3 Kd4 47. Ng1 Bc7+ 48. Kf2 Bd5 49. Bf1 e3+ 50. Ke1 Bd6 51. Ne2+ Ke5 52. b5
Bb4+ 53. Kd1 Bb3+ 54. Kc1 Bxa5 55. Ng1 Bd5 56. Kc2 Be4+ 57. Kb3 Kd4 58. Ne2+
Kc5 0-1

[Event "NM Juniorlandshold 2002"]
[Site "Viby"]
[Date "2002.09.06"]
[Round "1.2"]
[White "El Kher, Henrik"]
[Black "Bohlke, Christian"]
[Result "1-0"]
[WhiteElo "2409"]
[BlackElo "2111"]
[PlyCount "73"]
[EventDate "2002.??.??"]
[EventType "team"]
[EventRounds "3"]
[EventCountry "DEN"]
[WhiteTeam "Denmark 1"]
[BlackTeam "Denmark 2"]
[WhiteTeamCountry "DEN"]
[BlackTeamCountry "DEN"]

1. e4 e6 2. d3 d5 3. Nd2 Nf6 4. Ngf3 c5 5. g3 Nc6 6. Bg2 Be7 7. O-O O-O 8. Re1
Qc7 9. e5 Nd7 10. Qe2 b5 11. h4 a5 12. Nf1 Ba6 13. Bf4 a4 14. Ne3 b4 15. a3 Nb6
16. Ng5 c4 17. dxc4 bxa3 18. bxa3 Nxc4 19. Nxd5 exd5 20. e6 Qa5 21. exf7+ Kh8
22. Nxh7 Rxf7 23. Qh5 g6 24. Qxg6 Rxh7 25. Qxc6 Rc8 26. Qe6 Qb6 27. Qxb6 Nxb6
28. Re6 Bc5 29. Rb1 Rb7 30. Bh3 Rf8 31. Rc6 Bd4 32. c3 Rf6 33. Be6 Nc4 34. Rc1
Bb5 35. Rc8+ Kh7 36. Bxd5 Nb6 37. Bxb7 1-0

[Event "NM Juniorlandshold 2002"]
[Site "Viby"]
[Date "2002.09.06"]
[Round "1.3"]
[White "Vovk, Oksana"]
[Black "Rasmussen, Allan Stig"]
[Result "0-1"]
[WhiteElo "2079"]
[BlackElo "2331"]
[PlyCount "106"]
[EventDate "2002.??.??"]
[EventType "team"]
[EventRounds "3"]
[EventCountry "DEN"]
[WhiteTeam "Denmark 2"]
[BlackTeam "Denmark 1"]
[WhiteTeamCountry "DEN"]
[BlackTeamCountry "DEN"]

1. c4 Nf6 2. Nc3 e6 3. d4 Bb4 4. a3 Bxc3+ 5. bxc3 d6 6. Nf3 Qe7 7. Bg5 h6 8.
Bh4 Nbd7 9. e3 e5 10. Be2 g5 11. Bg3 Ne4 12. Qc2 f5 13. Rb1 b6 14. Ng1 O-O 15.
Qd3 Bb7 16. f3 Nxg3 17. hxg3 e4 18. Qd2 exf3 19. Bxf3 Be4 20. Rb2 Kg7 21. Nh3
Rae8 22. Bh5 Rd8 23. O-O Nf6 24. Bd1 Qe6 25. Qe2 Rde8 26. Nf2 Bb7 27. Re1 Ba6
28. Bb3 c5 29. Kh2 Re7 30. Qd3 Qc8 31. Rc2 Rfe8 32. Ba4 Rd8 33. Bb5 Bb7 34.
Rce2 a6 35. Ba4 d5 36. cxd5 c4 37. Qb1 Nxd5 38. Nd1 Rd6 39. Bc2 Rf6 40. Rf2 f4
41. gxf4 Nxf4 42. e4 Qg4 43. Qb4 Ref7 44. Re3 Qh4+ 45. Kg1 Nd5 46. Rxf6 Nxb4
47. Rxf7+ Kxf7 48. cxb4 g4 49. g3 Qg5 50. Kf2 Qf6+ 51. Ke2 Qxd4 52. Nf2 h5 53.
e5 Bf3+ 0-1

[Event "NM Juniorlandshold 2002"]
[Site "Viby"]
[Date "2002.09.06"]
[Round "1.4"]
[White "Pedersen, Christian Kyndel"]
[Black "Aabling Thomsen, Jakob"]
[Result "1/2-1/2"]
[WhiteElo "2291"]
[BlackElo "2051"]
[PlyCount "198"]
[EventDate "2002.??.??"]
[EventType "team"]
[EventRounds "3"]
[EventCountry "DEN"]
[WhiteTeam "Denmark 1"]
[BlackTeam "Denmark 2"]
[WhiteTeamCountry "DEN"]
[BlackTeamCountry "DEN"]

1. d4 Nf6 2. c4 e6 3. Nf3 b6 4. a3 Bb7 5. Nc3 d5 6. cxd5 Nxd5 7. Qc2 Nd7 8. e4
Nxc3 9. bxc3 c5 10. Bd3 Rc8 11. Qe2 Be7 12. O-O O-O 13. Bb2 Rc7 14. Rad1 cxd4
15. cxd4 Qa8 16. Rfe1 Rfc8 17. Bb1 Nf8 18. Qd3 a6 19. d5 Rd7 20. Ne5 Rdd8 21.
Qg3 Bf6 22. d6 Rc5 23. Bd4 Rb5 24. Nc6 Rg5 25. Nxd8 Rxg3 26. Nxb7 Rxa3 27. e5
Bg5 28. Be4 Qc8 29. h4 Bh6 30. Bxb6 Nd7 31. Bc7 Rc3 32. Ra1 Rc4 33. Bf3 Bd2 34.
Re2 Bc3 35. Rc1 a5 36. Nxa5 Rxc7 37. dxc7 Bxa5 38. Bb7 Qxc7 39. Rxc7 Bxc7 40.
f4 h5 41. Kf2 Nc5 42. Ba8 Bb6 43. Kf3 Nb3 44. Rb2 Nd4+ 45. Ke4 Ba7 46. Rb7 Bc5
47. Rc7 Bb6 48. Rc8+ Kh7 49. g3 Nf5 50. Kf3 g6 51. Rb8 Ba5 52. Rb1 Kg7 53. Be4
Nh6 54. Rb5 Be1 55. Rb3 Ng4 56. Bd3 Nh6 57. Rb1 Bc3 58. Bf1 Bd4 59. Bh3 Kf8 60.
Rb8+ Kg7 61. Rd8 Bc5 62. Ke2 Bb6 63. Rb8 Bg1 64. Rb3 Kf8 65. Rb8+ Kg7 66. Rb2
Kf8 67. Kd3 Kg7 68. Kc4 Ng8 69. Kd3 Nh6 70. Ke4 Ng8 71. Rb7 Kf8 72. Kf3 Nh6 73.
g4 hxg4+ 74. Bxg4 Bd4 75. Kg3 Bc3 76. Rb8+ Kg7 77. Rb1 Bd2 78. Rd1 Bc3 79. Bh3
Ba5 80. h5 gxh5 81. Kh4 Bb6 82. Kxh5 Be3 83. Kg5 Ng8 84. Rd7 Kf8 85. Bg2 Kg7
86. Be4 Nh6 87. Bc2 Ng8 88. Bb3 Kf8 89. Rd3 Bc1 90. Rh3 Kg7 91. Rc3 Bd2 92. Rc7
Kf8 93. Ba2 Be3 94. Rc3 Bd2 95. Rd3 Bc1 96. Rh3 Kg7 97. Bb1 f6+ 98. exf6+ Nxf6
99. Rc3 Bxf4+ 1/2-1/2

[Event "NM Juniorlandshold 2002"]
[Site "Viby"]
[Date "2002.09.06"]
[Round "1.5"]
[White "Bindzus, Niels"]
[Black "Hovmoller, Kristian"]
[Result "1-0"]
[WhiteElo "1978"]
[BlackElo "2251"]
[PlyCount "73"]
[EventDate "2002.??.??"]
[EventType "team"]
[EventRounds "3"]
[EventCountry "DEN"]
[WhiteTeam "Denmark 2"]
[BlackTeam "Denmark 1"]
[WhiteTeamCountry "DEN"]
[BlackTeamCountry "DEN"]

1. e4 c5 2. Nf3 d6 3. d4 cxd4 4. Nxd4 Nf6 5. Nc3 a6 6. Be2 e5 7. Nb3 Be7 8. a4
Be6 9. Be3 O-O 10. O-O Nbd7 11. Kh1 Rc8 12. f4 exf4 13. Rxf4 Ne5 14. Nd4 Qa5
15. Qd2 Qb4 16. Nxe6 fxe6 17. Ra3 g5 18. Rxf6 Rxf6 19. Rb3 Qc4 20. Bxc4 Nxc4
21. Qe2 Nxe3 22. h3 Nf1 23. Qg4 Rc7 24. Nd1 Nd2 25. Qxg5+ Kh8 26. Qxd2 Rf1+ 27.
Kh2 d5 28. e5 Bc5 29. Ne3 Rf8 30. Ng4 Rf1 31. Rf3 Ra1 32. Qg5 Rg7 33. Qd8+ Rg8
34. Qf6+ Rg7 35. Rf1 Rxa4 36. Nh6 Bg1+ 37. Rxg1 1-0

[Event "NM Juniorlandshold 2002"]
[Site "Viby"]
[Date "2002.09.06"]
[Round "1.6"]
[White "Helledie, Anders"]
[Black "Moller, Morten Kock"]
[Result "0-1"]
[WhiteElo "2143"]
[BlackElo "1962"]
[PlyCount "60"]
[EventDate "2002.??.??"]
[EventType "team"]
[EventRounds "3"]
[EventCountry "DEN"]
[WhiteTeam "Denmark 1"]
[BlackTeam "Denmark 2"]
[WhiteTeamCountry "DEN"]
[BlackTeamCountry "DEN"]

1. e4 e5 2. Bc4 Nf6 3. d3 Nc6 4. Nc3 Bb4 5. Bg5 h6 6. Bd2 Bxc3 7. bxc3 d5 8.
exd5 Nxd5 9. Qf3 Be6 10. Rb1 Rb8 11. Qg3 Qf6 12. Nf3 O-O 13. O-O Nf4 14. Rfe1
Bxc4 15. dxc4 Ng6 16. h4 Qf5 17. Rb5 Rfe8 18. Nd4 Nxd4 19. cxd4 c6 20. Ra5 Qxc2
21. Bxh6 gxh6 22. h5 exd4 23. Rxe8+ Rxe8 24. Rxa7 Qd1+ 25. Kh2 Qxh5+ 26. Qh3
Qxh3+ 27. Kxh3 d3 28. Rxb7 Rd8 29. Rb1 d2 30. Rd1 Ne5 0-1

[Event "NM Juniorlandshold 2002"]
[Site "Viby"]
[Date "2002.09.06"]
[Round "1.7"]
[White "Leimand, Peter Martin"]
[Black "Glud, Jakob Vang"]
[Result "0-1"]
[WhiteElo "2003"]
[BlackElo "2109"]
[PlyCount "92"]
[EventDate "2002.??.??"]
[EventType "team"]
[EventRounds "3"]
[EventCountry "DEN"]
[WhiteTeam "Denmark 2"]
[BlackTeam "Denmark 1"]
[WhiteTeamCountry "DEN"]
[BlackTeamCountry "DEN"]

1. e4 e5 2. Nc3 Nc6 3. Nf3 Nf6 4. d4 exd4 5. Nxd4 Bb4 6. Nxc6 bxc6 7. Bd3 O-O
8. O-O Re8 9. Re1 d5 10. e5 Ng4 11. h3 Nxe5 12. Bxh7+ Kxh7 13. Qh5+ Kg8 14.
Rxe5 Rxe5 15. Qxe5 Bd6 16. Qd4 Bb7 17. Na4 Qe7 18. Be3 Be5 19. Qd2 Bc8 20. Re1
Be6 21. Bg5 Bf6 22. Bxf6 Qxf6 23. Qa5 Qg6 24. Qc3 Bf5 25. Re3 Qd6 26. Rg3 Bg6
27. Qd4 a5 28. Nc5 Rb8 29. Nd3 c5 30. Qg4 c4 31. Nf4 Rxb2 32. h4 Rb1+ 33. Kh2
Qf6 34. Nxd5 Qxf2 35. Re3 Rb5 36. h5 Rxd5 37. Qc8+ Kh7 38. hxg6+ fxg6 39. Rh3+
Rh5 40. Qxc7 Rxh3+ 41. Kxh3 Qxc2 42. a3 c3 43. Kg3 Qd3+ 44. Kf2 Qd2+ 45. Kf3 c2
46. Qh2+ Qh6 0-1

[Event "NM Juniorlandshold 2002"]
[Site "Viby"]
[Date "2002.09.06"]
[Round "1.8"]
[White "Mikkelsen, Nikolaj"]
[Black "Skjoldan, Benjamin"]
[Result "1-0"]
[WhiteElo "2026"]
[BlackElo "1919"]
[PlyCount "45"]
[EventDate "2002.??.??"]
[EventType "team"]
[EventRounds "3"]
[EventCountry "DEN"]
[WhiteTeam "Denmark 1"]
[BlackTeam "Denmark 2"]
[WhiteTeamCountry "DEN"]
[BlackTeamCountry "DEN"]

1. d4 Nf6 2. Nc3 g6 3. e4 d6 4. h3 Bg7 5. Be3 Nbd7 6. g3 O-O 7. Bg2 e5 8. Nge2
c6 9. a4 b6 10. O-O Bb7 11. Qd2 Qe7 12. Rad1 Rfd8 13. Bg5 Nf8 14. f4 Ne6 15.
Bh4 exd4 16. Nxd4 Qc7 17. Nxe6 fxe6 18. f5 gxf5 19. exf5 e5 20. Ne4 Qe7 21. Qg5
Kf7 22. Bf3 h6 23. Qg6+ 1-0

[Event "NM Juniorlandshold 2002"]
[Site "Viby"]
[Date "2002.09.06"]
[Round "1.9"]
[White "Olsen, Miriam Frida"]
[Black "Korolev, Nikolaj"]
[Result "1/2-1/2"]
[WhiteElo "1855"]
[BlackElo "2031"]
[PlyCount "64"]
[EventDate "2002.??.??"]
[EventType "team"]
[EventRounds "3"]
[EventCountry "DEN"]
[WhiteTeam "Denmark 2"]
[BlackTeam "Denmark 1"]
[WhiteTeamCountry "DEN"]
[BlackTeamCountry "DEN"]

1. e4 c5 2. Nf3 Nc6 3. d4 cxd4 4. Nxd4 Nf6 5. Nc3 e5 6. Ndb5 d6 7. Bg5 a6 8.
Na3 b5 9. Bxf6 gxf6 10. Nd5 Bg7 11. c4 b4 12. Nc2 Rb8 13. Nce3 O-O 14. Bd3 Nd4
15. O-O f5 16. exf5 Qg5 17. Qg4 Qxg4 18. Nxg4 Kh8 19. Nge3 Bh6 20. Rfe1 Bd7 21.
Rad1 f6 22. Be4 a5 23. g4 Rf7 24. Nc2 Nc6 25. b3 Nd8 26. Nde3 Bf8 27. Rd2 Nb7
28. Nd5 Nc5 29. Bg2 Bh6 30. Rdd1 Bf8 31. Rd2 Bh6 32. Rdd1 Bf8 1/2-1/2

[Event "NM Juniorlandshold 2002"]
[Site "Viby"]
[Date "2002.09.06"]
[Round "1.10"]
[White "Poulsen, Morten Kjaer"]
[Black "Rhee, Frederik Alexander"]
[Result "1-0"]
[WhiteElo "2010"]
[BlackElo "1788"]
[PlyCount "53"]
[EventDate "2002.??.??"]
[EventType "team"]
[EventRounds "3"]
[EventCountry "DEN"]
[WhiteTeam "Denmark 1"]
[BlackTeam "Denmark 2"]
[WhiteTeamCountry "DEN"]
[BlackTeamCountry "DEN"]

1. e4 c5 2. Nf3 Nc6 3. d4 cxd4 4. Nxd4 Nf6 5. Nc3 e5 6. Ndb5 d6 7. Bg5 a6 8.
Na3 b5 9. Bxf6 gxf6 10. Nd5 Be7 11. c3 O-O 12. Nc2 f5 13. exf5 Bxf5 14. Nce3
Bg6 15. Bd3 f5 16. O-O Kh8 17. f4 e4 18. Bc2 Ra7 19. a4 Qb8 20. Qe2 Qb7 21. Kh1
b4 22. Qc4 a5 23. g4 fxg4 24. cxb4 Nxb4 25. Qd4+ Kg8 26. Bb3 Bf7 27. Nf5 1-0

[Event "NM Juniorlandshold 2002"]
[Site "Viby"]
[Date "2002.09.07"]
[Round "2.1"]
[White "Tallaksen, Geir Sune"]
[Black "Palo, Davor"]
[Result "1/2-1/2"]
[WhiteElo "2219"]
[BlackElo "2443"]
[PlyCount "136"]
[EventDate "2002.??.??"]
[EventType "team"]
[EventRounds "3"]
[EventCountry "DEN"]
[WhiteTeam "Norway"]
[BlackTeam "Denmark 1"]
[WhiteTeamCountry "NOR"]
[BlackTeamCountry "DEN"]

1. d4 Nf6 2. c4 e6 3. Nf3 b6 4. a3 Bb7 5. Nc3 d5 6. Qc2 Be7 7. cxd5 Nxd5 8. Bd2
O-O 9. e4 Nxc3 10. Bxc3 c5 11. dxc5 bxc5 12. Bc4 Nc6 13. Rd1 Qb6 14. O-O Rad8
15. Qa4 Qc7 16. Rxd8 Rxd8 17. Rd1 Rb8 18. Rd2 h6 19. Qd1 Bc8 20. b3 e5 21. Rd5
Bg4 22. h3 Bxf3 23. Qxf3 Rf8 24. Qg3 Bd6 25. f4 Qe7 26. fxe5 Bc7 27. Bb5 Nd4
28. Bc4 Rd8 29. Rxd8+ Qxd8 30. Qf2 Qe7 31. b4 Bxe5 32. bxc5 Nc6 33. Bxe5 Nxe5
34. Bd5 g6 35. Qe3 Kg7 36. Qc3 Qc7 37. Kh1 h5 38. c6 Kf8 39. Qb4+ Ke8 40. Qb7
Kd8 41. Kg1 h4 42. Kf2 f6 43. Ke2 Qb6 44. Qa8+ Kc7 45. Qb7+ Kd6 46. Kf1 Qc5 47.
Qb8+ Ke7 48. Qb7+ Kd6 49. Qb8+ Ke7 50. Qb4 Qxb4 51. axb4 a6 52. c7 Kd7 53. Bb7
Kxc7 54. Bxa6 Kb6 55. Be2 Nc6 56. Kf2 Nxb4 57. Kf3 Kc5 58. g3 hxg3 59. Kxg3 Kd4
60. Kf4 Nc6 61. h4 Nd8 62. Bg4 Nf7 63. h5 gxh5 64. Bxh5 Nd6 65. Bf3 Nc4 66. Kf5
Nd6+ 67. Kxf6 Nxe4+ 68. Bxe4 Kxe4 1/2-1/2

[Event "NM Juniorlandshold 2002"]
[Site "Viby"]
[Date "2002.09.07"]
[Round "2.2"]
[White "El Kher, Henrik"]
[Black "Ekeberg, Carl Frederik"]
[Result "1/2-1/2"]
[WhiteElo "2409"]
[BlackElo "2222"]
[PlyCount "55"]
[EventDate "2002.??.??"]
[EventType "team"]
[EventRounds "3"]
[EventCountry "DEN"]
[WhiteTeam "Denmark 1"]
[BlackTeam "Norway"]
[WhiteTeamCountry "DEN"]
[BlackTeamCountry "NOR"]

1. e4 c5 2. Nf3 Nc6 3. Bb5 g6 4. Bxc6 dxc6 5. d3 Bg7 6. h3 e5 7. O-O Qe7 8. Be3
Nf6 9. Nc3 O-O 10. a4 a5 11. Nd2 Nh5 12. Nc4 Be6 13. Ra3 Nf4 14. Qf3 Bxc4 15.
dxc4 Ne6 16. Ne2 f5 17. Bd2 f4 18. Nc1 Nd4 19. Qd1 h5 20. Rd3 Qf7 21. b3 g5 22.
Bc3 Qg6 23. Bxd4 cxd4 24. f3 Rf7 25. Qe2 Bf6 26. Rd2 Kh8 27. Nd3 Rg8 28. Nf2
1/2-1/2